Governors of Hawaii - Statistics

General Stats
  • This quiz has been taken 7 times
  • The average score is 7 of 9
Answer Stats
Term Answer % Correct
2014-2022 David Ige
100%
2022- Josh Green
100%
2002-2010 Linda Lingle
86%
2010-2014 Neil Abercrombie
86%
1974-1986 George Ariyoshi
71%
1994-2002 Ben Cayetano
57%
1962-1974 John A. Burns
57%
1986-1994 John D. Waihe'e III
57%
1959-1962 William F. Quinn
57%
No matching quizzes found
Score Distribution
Percent of People with Each Score
Percentile by Number Answered
Your Score History
You have not taken this quiz